000 01063cam a22001934a 4500
005 20250605164134.0
008 250528s ||||||||||||||||||||||||d
035 _a18695
020 _a684174960
040 _aGR-AtMCL
_bgre
_dGR-AtMCL
_eAACR2
245 1 _aPublishing Newsletters / A Complete Guide to Markets, Editorial Content, Design, Printing, Subscriptions, Management, and Much More...
260 _bCharle'S Scribner'S Sons,
_c1982
300 _a212
520 _aA great introduction to newsletters for the beginning publisher, and a must review and checklist for the experienced publisher. Preface, The Newsletter Phenomenon, Finding Your Market, Managing Your Editorial Content, Newsletter Style, Designing Your Newsletter, Printing and Producing Your Newsletter, How to Obtain Subscriptions, Newsletter Management, Making Extra Income from Supplemental Services, The Future for Newsletters, Glossary, Bibliography and Sources, Gallery of Newsletters, Index.
700 1 _aHudson H. W
_94947
942 _cBK
999 _c4023
_d4023